01193cpcaa2200301 a 4500001001300000003000400013005001700017008004100034010001700075040002400092072001200116100002200128245004300150300001400193506002200207520020800229545001900437546003600456580005700492610004100549610007200590651004500662651004900707651005000756651004600806656002200852999001700874mm 80002031 DLC20260227111658.0800115|||||||||||| eng  amm 80002031  aDLCcDLCdDLCedacs 7aW2lcmd1 aVan Norman, C. R.00aC.R. Van Norman correspondence,f1861. a2fitems.0 aOpen to research.8 aALsS (1861 July 4 and September 19) written by Van Norman to his aunt describing camp life and training during his Civil War service with the 4th Wisconsin Infantry Regiment in Maryland and Pennsylvania.0 aUnion soldier. aCollection material in English. aForms part of: Miscellaneous Manuscripts collection.10aUnited States.bArmyxMilitary life.10aUnited States.bArmy.bWisconsin Infantry Regiment, 4th (1861-1863) 0aMarylandxHistoryyCivil War, 1861-1865. 0aPennsylvaniaxHistoryyCivil War, 1861-1865. 0aUnited StatesxHistoryyCivil War, 1861-1865. 0aWisconsinxHistoryyCivil War, 1861-1865. 7aSoldiers.2itoamc c42411d42411